书目信息 |
| 题名: |
化学工业中的结晶
|
|
| 作者: | 哈姆斯基 著 ;古涛 , 叶铁林 译 | |
| 分册: | ||
| 出版信息: | 北京 化学工业出版社 1984 |
|
| 页数: | 364页 | |
| 开本: | 19cm | |
| 丛书名: | ||
| 单 册: | ||
| 中图分类: | TQ026.5 | |
| 科图分类: | ||
| 主题词: | 化工过程:物理化学过程 , 化工过程 , 化工过程:物理过程 | |
| 电子资源: | ||
| ISBN: | ||
| 000 | 00827nam0 2200277 45 | |
| 001 | 0184011319 | |
| 005 | 20051213085521.12 | |
| 010 | @dCNY1.50 | |
| 091 | @a15063.3572 | |
| 100 | @a19950420d1984 em y0chiy0121 ea | |
| 101 | 1 | @achi@crus |
| 102 | @aCN@b110000 | |
| 105 | @ay z 000yy | |
| 200 | 10 | @a化学工业中的结晶@Ahua xue gong ye zhong de jie jing@f(苏)Е·В·哈姆斯基著@F(su)Е·В·ha mu si ji zhu@g古涛,叶铁林译 |
| 210 | @a北京@c化学工业出版社@d1984 | |
| 215 | @a364页@d19cm | |
| 606 | 0 | @a化工过程:物理化学过程 |
| 606 | 0 | @a化工过程 |
| 606 | 0 | @a化工过程:物理过程 |
| 690 | @aTQ026.5 | |
| 701 | 1 | @a哈姆斯基@Aha mu si ji@4著 |
| 702 | 0 | @a古涛@Agu tao@4译 |
| 702 | 0 | @a叶铁林@Aye tie lin@4译 |
| 801 | 2 | @aCN@bNLC@c20051213 |
| 801 | 0 | @aCN@b上海图书馆@c20040518 |
| 905 | @f3@b122176-178@dTQ026.5@e15 | |
| 化学工业中的结晶/(苏)Е·В·哈姆斯基著/古涛,叶铁林译.-北京:化学工业出版社,1984 |
| 364页;19cm |
| ISBN :CNY1.50 |
| ● |
| 相关链接 |
|
|
|
|
正题名:化学工业中的结晶
索取号:TQ026.5/15
 
预约/预借
| 序号 | 登录号 | 条形码 | 馆藏地/架位号 | 状态 | 备注 |
| 1 | 0122176 | 001646749 | 第三借阅区/ [索取号:TQ026.5/15] | 在馆 | |
| 2 | 0122177 | 001646767 | 第二样本阅览室/ [索取号:TQ026.5/15] | 在馆 | |
| 3 | 0122178 | 001646758 | 密集书库/ [索取号:TQ026.5/15] | 在馆 | |
| 4 | 0122179 | 202166253 | 密集书库/ [索取号:TQ026.5/15] | 在馆 |